Futbolistas históricos y actuales - Estadísticas

Estadísticas generales
  • Esta prueba ha sido intentada 6.510 veces
  • La puntuación promedio es 17 de 20
Estadísticas de respuestas
Pista Futbolista % Correcto
Autor del "gol del siglo" y mayor ídolo de la Selección Argentina. Diego Maradona
95%
Defensor español que pasó gran parte de su carrera en el Real Madrid. Sergio Ramos
95%
Es considerado por muchos el mejor futbolista de la historia. Lionel Messi
94%
Mejor jugador brasileño del mundo actualmente. Vinicius José Paixão de Oliveira Júnior
94%
Autor del gol que convirtió a España en campeona del mundo. Andrés Iniesta
93%
Jugador francés ganador del mundial con 19 años. Kylian Mbappé
93%
Exjugador recordado por haber ganado tres campeonatos mundiales. Edson Arantes do Nascimento
92%
Exjugador brasileño muy vistoso por sus lujos al jugar al fútbol. Ronaldo de Assis Moreira
92%
Gran jugador brasileño, ya retirado, es el tercer mayor goleador de su selección con 62 tantos. Ronaldo Luís Nazário de Lima
92%
Mayor goleador de la Selección Uruguaya. Luis Suárez
90%
Mediocampista francés, de los mejores jugadores de la historia, campeón del mundo en 1998. Zinedine Zidane
90%
Mayor goleador de la historia del fútbol. Cristiano Ronaldo
89%
Mediocampista belga, uno de los mejores jugadores del mundo. Kevin De Bruyne
88%
Arquero muy determinante en los penales, ganador de la Copa del Mundo 2022. Emiliano Martínez
87%
Mejor futbolista holandés de la historia. Johan Cruyff
81%
Mayor goleador del Arsenal campeón invicto de la Premier League. Thierry Henry
76%
Exjugador mexicano, fue el mayor goleador de la década de 1980. Hugo Sánchez
66%
Apodado como "la saeta rubia", uno de los mejores jugadores que tuvo el Real Madrid. Alfredo Di Stéfano
58%
Mejor jugador y goleador de Argentina en el mundial de 1978. Mario Alberto Kempes
57%
Uno de los mejores jugadores uruguayos de la historia y parte de los grandes ídolos de River Plate. Enzo Francescoli
32%
No se encontraron pruebas coincidentes
Distribución de puntuación
Porcentaje de gente con cada puntuación
Porcentaje por número respondido
Historial de tus puntuaciones
No has intentado esta prueba.